000 00652nam a2200217Ia 4500
005 20260601193244.0
008 260601s9999||||xx |||||||||||||| ||und||
020 _a978-3-031-62700-2
_qebk
100 _aAnnalisa Appice
245 0 _aFoundations of Intelligent Systems
250 _a2024
260 _aHeidelberg, Germany
_bSpringer Nature
_c2024
440 _aLecture Notes in Computer Science
650 _aComputer Science
700 _aAllel Hadjali
700 _aHanane Azzag
700 _aMohand-Said Hacid
700 _aZbigniew Ras
856 _uhttps://link.springer.com/openurl?genre=book&isbn=978-3-031-62700-2
942 _cEB
_2ddc
999 _c56507
_d56507